Historische Stadionnamen erraten - Statistiken

Allgemein
  • Dieses Quiz wurde 81 mal gespielt
  • Das Durchschnittsergebnis liegt bei 49 aus 83
Antwortstatistiken
Hint Antwort % Korrekt
Millerntor-Stadion FC St. Pauli
97%
Volksparkstadion Hamburger SV
97%
Holstein-Stadion Holstein Kiel
97%
Weserstadion SV Werder Bremen
96%
Stadion an der alten Försterei 1. FC Union Berlin
94%
Müngersdorfer Stadion 1. FC Köln
91%
Westfalenstadion Borussia Dortmund
91%
Erzgebirgsstadion FC Erzgebirge Aue
90%
Stadion an der Grünwalder Straße TSV 1860 München
90%
Eintracht-Stadion Eintracht Braunschweig
88%
Ostseestadion FC Hansa Rostock
88%
Niedersachsenstadion Hannover 96
88%
Tivoli-Stadion Alemannia Aachen
87%
Jahnstadion SSV Jahn Regensburg
87%
Neckarstadion VfB Stuttgart
87%
Stadion an der Bremer Brücke VFL Osnabrück
87%
Dreisamstadion SC Freiburg
85%
Waldstadion Eintracht Frankfurt
84%
Betzenberg-Stadion 1. FC Kaiserslautern
81%
Bökelbergstadion Borussia Mönchengladbach
81%
Stadion der Freundschaft FC Energie Cottbus
81%
Stadion an der Hafenstraße Rot-Weiss Essen
79%
Ruhrstadion VFL Bochum
79%
Rheinstadion Fortuna Düsseldorf
78%
Uhlenkrugstadion Schwarz-Weiß Essen
78%
Stadion am Böllenfalltor SV Darmstadt 98
78%
Frankenstadion 1. FC Nürnberg
76%
Wildparkstadion Karlsruher SC
76%
Stadion am Bruchweg 1. FSV Mainz 05
73%
Parkstadion Schalke 04
73%
Carl-Benz Stadion SV Waldhof Mannheim
73%
Ludwigsparkstadion 1. FC Saarbrücken
72%
Donaustadion SSV Ulm 1846
72%
Sportpark Ronhof SpVgg Fürth
66%
Friedrich-Ludwig-Jahn-Sportpark BFC Dynamo
64%
Wedaustadion MSV Duisburg
64%
VFL-Stadion am Elsterweg VFL Wolfsburg
64%
Bruno-Plache-Stadion 1. FC Lok Leipzig
63%
Ernst-Abbe Sportfeld FC Carl Zeiss Jena
63%
Ulrich-Haberland-Stadion Bayer 04 Leverkusen
61%
Alfred-Kunze-Sportpark BSG Chemie Leipzig
60%
Rosenaustadion FC Augsburg
58%
Stadion am Biberer Berg Kickers Offenbach
58%
Ernst-Grube-Stadion 1. FC Magdeburg
57%
Albstadion 1. FC Heidenheim
55%
Steigerwaldstadion FC Rot-Weiß Erfurt
55%
LeunaChemie Stadion Hallescher FC
54%
Stadion an der Gellertstraße Chemnitzer FC
52%
Grotenburg-Stadion KFC Uerdingen 05
51%
Moselstadion SV Eintracht Trier 05
51%
Stadion an der Kaiserlinde SV Elversberg
49%
Waldau-Stadion Stuttgarter Kickers
46%
Emslandstadion SV Meppen
46%
Stadion am Zoo Wuppertaler SV
46%
Marschwegstadion VfB Oldenburg
45%
Stadion im Sportpark Nord Bonner SC
43%
Sportpark Höhenberg FC Viktoria Köln
43%
Auestadion KSV Hessen Kassel
42%
Sportclub-Arena SC Verl
42%
Stadion am Hardtwald SV Sandhausen
42%
Stadion Oberwerth TuS Koblenz
42%
Ostfriesland-Stadion BSV Kickers Emden
40%
Stadion am Bornheimer Hang FSV Frankfurt
40%
Südstadion SC Fortuna Köln
39%
Lohrheidestadion SG Wattenscheid 09
39%
Sachs-Stadion 1. FC Schweinfurt 05
37%
Stadion Niederrhein Rot-Weiß Oberhausen
37%
Stadion an der Lohmühle VfB Lübeck
37%
Dallenbergstadion Würzburger Kickers
36%
Karl Liebknecht-Stadion SV Babelsberg 03
33%
Hans-Walter-Wild-Stadion SpVgg Bayreuth
31%
Stadion an der Kreuzeiche SSV Reutlingen 05
27%
Eilenriedestadion Hannover 96 II
25%
Wersestadion Rot-Weiß Ahlen
25%
Ellenfeld-Stadion Borussia Neunkirchen
24%
Rudolf-Kalweit-Stadion SV Arminia Hannover
24%
Adolf-Jäger-Kampfbahn Altona 93
22%
Leimbachstadion Sportfreunde Siegen
21%
Stadion Buniamshof 1. FC Phönix Lübeck
19%
Heidewaldstadion FC Gütersloh
19%
Stadion am Schloß Strünkede SC Westfalia Herne 04
13%
Stadion im Sportpark Johannisau Borussia Fulda
12%
Stadion am Quenz BSG Stahl Brandenburg
12%
Keine übereinstimmenden Quizze gefunden
Verteilung der Resultate
Anzahl Personen mit jedem Resultat
Perzentil nach korrekt beantworteten Fragen
Ihre Resultats-Entwicklung
Sie haben dieses Quiz noch nicht gespielt